Southeast Africa - Map Quiz - Statistics

General Stats
  • This quiz has been taken 91 times
  • The average score is 9 of 11
Answers on the Map
Answers color-coded by a green-red scale on the quiz's map according to % correct below.
 
Answer Stats
Answer % Correct
South Africa
93%
Madagascar
89%
Zimbabwe
88%
Eswatini
86%
Botswana
84%
Comoros
84%
Lesotho
82%
Malawi
82%
Mozambique
82%
Zambia
82%
Mauritius
79%
No matching quizzes found
Score Distribution
Percent of People with Each Score
Percentile by Number Answered
Your Score History
You have not taken this quiz